00500 2200193 4500001002100000005001500021035002000036245006600056100001900122250000600141300003700147856001200184260003200196082001000228084001600238020002200254600001400276990001600290INLIS00000000000334920260209105945 a0010-02260000151 aSitus Semedo :bKisah Manusia 700.000 Tahun /cHarry Widianto0 aHarry Widianto a1 a81 hlm :bilus ;c22.5 x 22.5 cm aRak 500 aJakarta :bKEMDIKBUD,c2020 a569.9 a569.9 HAR s a978-979-8250-77-4 4aReferensi a19.905/H/26